00499 a2200169 450000100060000002000180000604000220002410000170004624000400006324500350010330000070013836200090014565000350015494200070018995201160019699900170031261886 a9780194789011 cAnchieta - Pituba aDean, Judith10aAladdin and the enchanted lamplpor10aAladdin and the enchanted lamp a560 a2008 4aLiteratura juvenil em inglês cBK 00104070a91.1b91.1d2023-11-21l0oLJ 028.573 D281a DEA ALAp14202/PITr2023-11-21 18:30:10w2023-11-21yBK c61886d61886